Tensorial analysis of networks (TAN) modelling for PCB signal integrity and EMC analysis
This book describes a fast, accurate and flexible modelling methodology for PCBs. The model uses the concept of tensorial analysis of networks (TAN) based on Kron's and Kron-Branin's methods adapted for the EMC use by O. Maurice. The TAN approach is applied to the PCB SI and electromagneti...
Saved in:
| Other Authors | , |
|---|---|
| Format | Electronic eBook |
| Language | English |
| Published |
Herts, United Kingdom :
The Institution of Engineering and Technology,
2020.
|
| Series | Materials, circuits and devices series ;
72. |
| Subjects | |
| Online Access | Full text |
| ISBN | 9781839530500 1839530502 9781839530494 1839530499 |
| Physical Description | 1 online resource (xviii, 380 pages) : illustrations |
Cover
| LEADER | 00000cam a2200000 i 4500 | ||
|---|---|---|---|
| 001 | kn-on1197990129 | ||
| 003 | OCoLC | ||
| 005 | 20240717213016.0 | ||
| 006 | m o d | ||
| 007 | cr cn||||||||| | ||
| 008 | 200928t20202020enka ob 001 0 eng d | ||
| 040 | |a VLB |b eng |e rda |e pn |c VLB |d OCLCF |d YDX |d EBLCP |d N$T |d MERUC |d STF |d UKAHL |d CUS |d OCLCO |d OCLCQ |d K6U |d OCLCQ |d OCLCO |d OCLCL | ||
| 020 | |a 9781839530500 | ||
| 020 | |a 1839530502 | ||
| 020 | |z 9781839530494 | ||
| 020 | |z 1839530499 | ||
| 035 | |a (OCoLC)1197990129 |z (OCoLC)1184236024 |z (OCoLC)1195451707 | ||
| 245 | 0 | 0 | |a Tensorial analysis of networks (TAN) modelling for PCB signal integrity and EMC analysis / |c edited by Blaise Ravelo and Zhifei Xu. |
| 264 | 1 | |a Herts, United Kingdom : |b The Institution of Engineering and Technology, |c 2020. | |
| 264 | 4 | |c ©2020 | |
| 300 | |a 1 online resource (xviii, 380 pages) : |b illustrations | ||
| 336 | |a text |b txt |2 rdacontent | ||
| 337 | |a computer |b c |2 rdamedia | ||
| 338 | |a online resource |b cr |2 rdacarrier | ||
| 490 | 1 | |a IET Materials, Circuits and Devices Series ; |v 72 | |
| 504 | |a Includes bibliographical references and index. | ||
| 505 | 0 | |a General introduction / Blaise Ravelo, Olivier Maurice, and Zhifei Xu -- Basic knowledge to practice TAN for PCB SI/PI/EMC investigation / Olivier Maurice, Zhifei Xu, Yang Liu, and Blaise Ravelo -- PCB primitive components analysis with TAN / Zhifei Xu, Blaise Ravelo, Yang Liu, and Olivier Maurice -- Analytical calculation of PCB trace Z/Y/T/S matrices with TAN approach / Blaise Ravelo, Zhifei Xu, Yang Liu, and Olivier Maurice -- Fast S-parameter Kron-Branin's modelling of rectangular wave guide (RWG) structure via mesh impedance reduction / Rlaise Ravelo and Olivier Maurice -- Time-domain TAN modeling of PCB-lumped system with Kron's method / Zhifei Xu, Yang Liu, Blaise Ravelo, and Olivier Maurice -- Direct time-domain analysis with TAN method for distributed PCB modeling / Zhifei Xu, Blaise Ravelo, Jonathan Gantet, Nicolas Marier, and Olivier Maurice -- Coupling between EM field and multilayer PCB with MKME / Zhifei Xu, Yang Liu, Blaise Ravelo, Jonathan Gantet, Nicolas Marier, and Olivier Maurice -- Conducted emissions (CEs) EMC TAN modelling / Olivier Maurice, Zhifei Xu, Yang Liu, and Blaise Ravelo -- PCB-conducted susceptibility (CS) EMC TAN modelling / Olivier Maurice, Blaise Ravelo, and Zhifei Xu -- PCB-radiated susceptibility (RS) EMC TAN modelling / Zhifei Xu, Blaise Ravelo, Yang Liu, and Olivier Maurice -- TAN model of loop probe coupling onto shielded coaxial short cable / Christel Cholachue, Amélie Simoens, Olivier Maurice, and Blaise Ravelo -- Nonlinear behaviour conduced EMC model of an ADC-based mixed PCB under radio-frequency interference (RFI) / Fayu Win -- Far-field prediction combining simulations with near-field measurements for EMI assessment of PCBs / Dominik Schröder, Sven Lange, Christian Hangmann, and Christian Hedayat -- Element of information for numerical modelling on PCB : focus on boundary element method / Toufic Abboud and Benoît Chaigne -- General conclusion / Olivier Maurice, Blaise Ravelo, and Zhifei Xu. | |
| 506 | |a Plný text je dostupný pouze z IP adres počítačů Univerzity Tomáše Bati ve Zlíně nebo vzdáleným přístupem pro zaměstnance a studenty | ||
| 520 | |a This book describes a fast, accurate and flexible modelling methodology for PCBs. The model uses the concept of tensorial analysis of networks (TAN) based on Kron's and Kron-Branin's methods adapted for the EMC use by O. Maurice. The TAN approach is applied to the PCB SI and electromagnetic compatibility (EMC) analysis. Each chapter presents a methodology consisting of the problem formulation, classical circuit description, TAN primitive elements, TAN graph topology elaboration, problem metric mathematization and the posed-problem resolution based on Python and Matlab routine algorithms. This methodical approach has been applied to the following topics: basic knowledge to practice TAN for PCB SI/PI/EMC investigation; PCB primitive components analysis with TAN; analytical calculation of PCB trace Z/Y/T/S matrices with TAN approach; fast S-parameter Kron-Branin's modelling of rectangular wave guide (RWG) structure via mesh impedance reduction; time domain TAN modelling of PCB system with Kron's method; direct time-domain analysis with TAN method for PCB modelling; coupling between EM field and multilayer PCB with MKME; conducted emissions (CE) EMC TAN modelling; PCB conducted susceptibility (CS) EMC TAN modelling; PCB radiated susceptibility (RS) EMC TAN modelling; TAN model of loop probe coupling onto shielded coaxial short-cable; nonlinear behaviour conduced EMC model of an ADC based mixed PCB under radio frequency interference (RFI); far-field prediction combining simulations with near-field measurements for EMI assessment of PCBs; and element of information for numerical modelling on PCB. With its highly systematic approach to addressing TAN modelling methods, this book provides key information and novel solutions to the designers and manufacturers of analogue, RF, digital and mixed signal electronic circuits and systems. | ||
| 590 | |a Knovel |b Knovel (All titles) | ||
| 650 | 0 | |a Printed circuits |x Design and construction. | |
| 655 | 7 | |a elektronické knihy |7 fd186907 |2 czenas | |
| 655 | 9 | |a electronic books |2 eczenas | |
| 700 | 1 | |a Ravelo, Blaise, |e editor. | |
| 700 | 1 | |a Xu, Zhifei, |e editor. | |
| 776 | 0 | 8 | |i Print version: |a Ravelo, Blaise. |t Tensorial Analysis of Networks (TAN) Modelling for PCB Signal Integrity and EMC Analysis. |d Stevenage : Institution of Engineering & Technology, ©2020 |z 9781839530494 |
| 830 | 0 | |a Materials, circuits and devices series ; |v 72. | |
| 856 | 4 | 0 | |u https://proxy.k.utb.cz/login?url=https://app.knovel.com/hotlink/toc/id:kpTANTANM2/tensorial-analysis-of?kpromoter=marc |y Full text |